Southville International School and Colleges
Your cart is empty.
  • Cart
  • Lists
    Public lists Eva Luna New books Lux_list list_1
    Your lists Log in to create your own lists
  • Log in to your account
  • Your cookies
  • Search history
Southville International School and Colleges
  • Advanced search
  • Recent comments
  • Most popular
  • Libraries

Log in to your account

Log in with GOOGLE


If you do not have an external account, but do have a local account, you can still log in:

  1. Home
  2. MARC view: Panitikang Filipino /
Normal view MARC view ISBD view

Panitikang Filipino / (Record no. 288747)

[ view plain ]
MARC details
000 -LEADER
fixed length control field 00554nam a22001697a 4500
003 - CONTROL NUMBER IDENTIFIER
control field PILC
005 - DATE AND TIME OF LATEST TRANSACTION
control field 20150928090334.0
008 - FIXED-LENGTH DATA ELEMENTS--GENERAL INFORMATION
fixed length control field 150928b xxu||||| |||| 00| 0 eng d
020 ## - INTERNATIONAL STANDARD BOOK NUMBER
International Standard Book Number 9711501015
050 ## - LIBRARY OF CONGRESS CALL NUMBER
Classification number PL 6061
Item number .Sa161 1995
100 ## - MAIN ENTRY--PERSONAL NAME
Personal name Salazar, Lucila A.
245 ## - TITLE STATEMENT
Title Panitikang Filipino /
Statement of responsibility, etc Lucila A. Salazar, Obdulia L. Atienza, Maria S. Ramos, Anita R. Nazal.
260 ## - PUBLICATION, DISTRIBUTION, ETC. (IMPRINT)
Place of publication, distribution, etc Quezon City :
Name of publisher, distributor, etc Katha Publishing Co., Inc,
Date of publication, distribution, etc 1995.
300 ## - PHYSICAL DESCRIPTION
Extent viii, 257 pages ;
Dimensions 26 cm.
500 ## - GENERAL NOTE
General note Includes bibliographical references.
942 ## - ADDED ENTRY ELEMENTS (KOHA)
Source of classification or shelving scheme Library of Congress Classification
Koha item type Books
Call number prefix Filipininana
Holdings
Withdrawn status Lost status Source of classification or shelving scheme Damaged status Home library Current library Shelving location Date acquired Source of acquisition Sub Shelving location Total Checkouts Full call number Barcode Date last seen Price effective from Koha item type
    Library of Congress Classification   College Library College Library Filipiniana Section 09/28/2015 Donation     PL 6061 .Sa161 1995 C0471 05/08/2018 09/28/2015 Books

Panitikang Filipino /

APA

Salazar L. A., . (1995). Panitikang Filipino. Quezon City: Katha Publishing Co., Inc.

Chicago

Salazar Lucila A, . 1995. Panitikang Filipino. Quezon City: Katha Publishing Co., Inc.

Harvard

Salazar L. A., . (1995). Panitikang Filipino. Quezon City: Katha Publishing Co., Inc.

MLA

Salazar Lucila A, . Panitikang Filipino. Quezon City: Katha Publishing Co., Inc. 1995.

  • Place hold
  • Print
  • Cite
  • Add to your cart (remove)
  • Save record
    BIBTEX Dublin Core MARCXML MARC (non-Unicode/MARC-8) MARC (Unicode/UTF-8) MARC (Unicode/UTF-8, Standard) MODS (XML) RIS
  • More searches
    Search for this title in:
    Other Libraries (WorldCat) Other Databases (Google Scholar) Online Stores (Bookfinder.com) Open Library (openlibrary.org)

Exporting to Dublin Core...

SOUTHVILLE LIBRARY

Southville International School and Colleges Library

1281 Tropical Ave. Cor. Luxembourg St., BF Homes International, Las Pinas City

Tel. No. 8256374 / 252358 Loc. 117/146

Powered by Koha